Quizzes
Events
Quiz Creation
Community
Videos
Private Events
Remove Ads
Sign In
Join for FREE
Feedback
Dark Mode
Quiz Categories
Sports
Geography
Music
Movies
Television
Just For Fun
Miscellaneous
History
Literature
Language
Science
Gaming
Entertainment
Religion
Holiday
For Kids
Quiz Lab
Recent
Popular Today
Quiz Kudos Today
Editor Picks
Curator Picks
Quizzes by...
Day
Popularity
Type
Ratings
Length
Year
Community
Subscriptions
Recent Discussions
Orange Saloon
Badges
Playlists
Quests
Create
Leaderboards
Showdown
Live 5
Trivia Bingo
Activity
Puzzle Library
Sporcle Events
Private Events
Virtual Trivia
Globe League
Become a Host
Pub Owners
SporcleCon
Opinionation
Our Games
Videos
Blog
Mobile Apps
Partnerships
Remove Ads and Go Orange
Feedback
Movies
Disney
Marvel Cinematic Universe
Movie Resume
Movie Titles
Oscar
Actor
Actress
Director
Pixar
Role
Movie Quotes
Movie Characters
Box Office
Nominee
Best Picture
Star Wars
James Bond
Horror Movies
Movies
Disney
Marvel Cinematic Universe
Movie Resume
Movie Titles
Oscar
Actor
Actress
Director
Pixar
Role
Movie Quotes
Movie Characters
Box Office
Nominee
Best Picture
Star Wars
James Bond
Horror Movies
Random Quiz
Search Sporcle
×
Quiz Lab
Quiz Lab
Movies
Cast
Type in answers that appear in a list
Type in answers that appear in a list
Classic
Best Score? Go Orange.
'Dogma' Cast Stats
Can you name the actors and actresses from the movie 'Dogma'!?
By
burningriver
4m
11 Questions
937 Plays
937 Plays
937 Plays
Comments
Comments
Give Quiz Kudos
Give Quiz Kudos
-
- Ratings
hide this ad
Replay
Link that replays current quiz
Next Quiz
Link to next quiz in quiz playlist
You Got
0%
They Got
Avg Score
74%
Avg Friend Score
Upgrade to see
Score Distribution
Jump to the score distribution portion of the page
Score
0/11
Timer
04:00
0
Plays Today
Character
Actor/Actress
% Correct
Loki, fallen angel
Matt Damon
98.2%
Bartleby, fallen angel
Ben Affleck
96.6%
Rufus, the thirteenth apostle
Chris Rock
91.2%
Silent Bob, prophet
Kevin Smith
87.3%
God
Alanis Morissette
77.6%
Serendipity, muse
Salma Hayek
72%
Metatron, the voice of God
Alan Rickman
69.2%
Azreal, demon
Jason Lee
67.1%
Cardinal Ignatius Glick
George Carlin
65.1%
Jay, prophet
Jason Mewes
61.3%
Bethany Sloane, the Last Scion of Christ
Linda Fiorentino
34.6%
Quiz Playlist
Details
Report
Send in Message
Add To Playlist
Classic:
Type in answers that appear in a list
Quiz Source
Last Updated: Feb 16, 2017
Quiz Scoreboard
CHALLENGE
Sign Up to Join the Scoreboard
Show All
Scores
Hide
Comments
May contain spoilers
Recently Published
Pick 6: Fruits
by JohnFran
Miscellaneous
15s
Click the 1999 NBA Draft
by nibperrychub
Sports
2m
Alphabetical 'K' Countries by Flag Minefield
by ylime102
Geography
3m
More to Explore
Quiz From the Vault
Featured Blog Post
15 Basketball Trivia Facts You Can Be March Mad About
hide this ad
You Might Also Like...
Tags
Actor Quiz
Actress Quiz
Cast Quiz
Character
Today's Top Quizzes in Movies
Browse Movies
hide this ad
Today's Top Quizzes in Cast
Browse Cast
Top Contributed Quizzes in Movies
1
Pixar Reveal II
2
How Long Is the Movie Title?
3
Pixar Reveal III
4
10 Quentin Tarantino Movies in Order
5
Adjectives in 00s Movies
6
Pixar Reveal IV
7
Adjectives in 10s Movies
8
Movie Stars Gone to the Dogs
9
Pixar Reveal V
10
Adjectives in 90s Movies
Explore More
Trending Topics
Kpop
Marvel
Anime
Crossword
Disney
Harry Potter
NBA
Song
Puzzle
Pokémon
WWE
Soccer
Country
The Office
NFL
hide this ad
More By:
burningriver
Quiz
Plays
Rating
Category
Featured
Created
Lesser-Known Movie Quotes
129,688
3.91
Movies
Jan 12, 2010
NFL Starting QBs (2010)
124,348
4.27
Sports
Jan 7, 2011
Space Jam Players
63,067
4.32
Movies
Nov 11, 2009
Stratego Pieces
41,198
4.60
Gaming
Oct 14, 2009
Minute Math (Mixed Operations II)
30,256
3.84
Science
Feb 1, 2010
Go to Creator's Profile
Score Distribution
Quiz Creator Spotlight
burningriver
Follow
Send a Message
Quizzes Created
-
Created Quiz Play Count
-
More By This Creator
Popular Quizzes Today
1
Countries of Asia Without Outlines Minefield
2
Find the US States - No Outlines Minefield
3
Pick 6: Fruits
4
Alphabetical 'K' Countries by Flag Minefield
5
The Countries of the World
6
Click the 1999 NBA Draft
7
Match the Book to the Film X
8
Find the US States
More Movies Quizzes
Oscar Role by Occupation
Published
Trending Quizzes
Pick 6: Harry Potter
Pick 6: Golfers
Donkey Kong Minefield
DC Extended Universe: Oldest to Newest
Multiplication Danger Zone
Recently Updated
Women's Final Four Teams by Year
bhenderson79
Presidents Quartet II
eogle
Anything But Clue(do)
eogle
Anything But Oceanian Capitals
eogle
Anything But 7
eogle
Anything But Thing
eogle
Word Ladder: February 29
pecheneg
Song Title Questions
pecheneg
Women's NCAA Tournament #1 Seeds
pecheneg
Celebrity Mug Shots
pecheneg
Trending Topics
Anime
NBA
Harry Potter
Disney
Kpop
Marvel
Crossword
WWE
Country
Pokémon
The Office
Soccer
Song
Puzzle
NFL
Your Account Isn't Verified!
In order to create a playlist on Sporcle, you need to verify the email address you used during registration. Go to your
Sporcle Settings
to finish the process.
Report this User
Report this user for behavior that violates our
Community Guidelines
.
Details:
Send Report
Go to the Sporcle.com Mobile Site →
Comments